| 000 | 00683nam a22002175a 4500 | ||
|---|---|---|---|
| 008 | 161115t2016 xxu||||fr|||| 001 0 eng d | ||
| 020 | _a9781138794375 | ||
| 040 |
_aEG-ScBUE _beng _cEG-ScBUE |
||
| 082 |
_222 _a363.73874 _bOLE |
||
| 245 |
_aReframing climate change : _bConstructing ecological geopolitics / _cShannon O'Lear, [editor.] |
||
| 260 |
_aNew York : _bRoutledge, _c2015. |
||
| 300 |
_a223 p. ; _c24 cm. |
||
| 500 | _aIndex : p. 217-223. | ||
| 590 | _aSuzan Ashmawy | ||
| 650 | 7 |
_2BUEsh _aClimatic changes _xPolitical aspects. |
|
| 650 | 7 |
_2BUEsh _aGeopolitics. |
|
| 651 | _2BUEsh | ||
| 653 |
_bBUSBOL _cNovember2016 |
||
| 700 | 1 |
_aDalby, Simon _eeditor. |
|
| 942 | _2ddc | ||
| 999 |
_c23144 _d23116 |
||